Garailo Tootkay K Encyclopedia / (Record no. 524338)

000 -LEADER
fixed length control field 00495nam a22001697a 4500
003 - CONTROL NUMBER IDENTIFIER
control field NUST
038 ## - RECORD CONTENT LICENSOR
Staff Name waseem
082 ## - DEWEY DECIMAL CLASSIFICATION NUMBER
Classification number 915.89903
Author Mark NAS
100 ## - MAIN ENTRY--PERSONAL NAME
Personal name Naseer, Sawira
9 (RLIN) 15158
245 ## - TITLE STATEMENT
Title Garailo Tootkay K Encyclopedia /
Statement of responsibility, etc. Sawira Naseer
260 ## - PUBLICATION, DISTRIBUTION, ETC.
Place of publication, distribution, etc. Lahore :
Name of publisher, distributor, etc. Sawira Publications,
Date of publication, distribution, etc. 2016.
300 ## - PHYSICAL DESCRIPTION
Extent 208 p. ;
500 ## - GENERAL NOTE
General note Hardcover.
880 ## - ALTERNATE GRAPHIC REPRESENTATION
Linkage 100-01\r
Title سویرا نصیر
880 ## - ALTERNATE GRAPHIC REPRESENTATION
Linkage 245-02\r
Title گھریلو ٹوٹکوں کا انسائیکلو پیڈیا /
942 ## - ADDED ENTRY ELEMENTS (KOHA)
Source of classification or shelving scheme
Koha item type Book
Holdings
Withdrawn status Lost status Source of classification or shelving scheme Damaged status Not for loan Permanent Location Current Location Shelving location Date acquired Total Checkouts Full call number Barcode Date last seen Price effective from Koha item type
          Central Library (CL) Central Library (CL) Urdu Literature 06/20/2019   915.89903 NAS CL-E-1480 05/30/2023 06/20/2019 Book
© 2023 Central Library, National University of Sciences and Technology. All Rights Reserved.